Представление документа в формате RUSMARC

ПолеНазваниеЗначение
  Тип записи a
  Библиографический уровень m
001 Контрольный номер RU/ГПНТБ России/KNIGADB/67.404.31/Б 88-983890020
005 Дата корректировки 20260630162926.2
010 Индекс ISBN __
a ISBN 978-5-907470-60-6
b Уточнения в пер.
9 Тираж 1000 экз.
d Цена 908-75
100 Данные общей обработки __
a Данные общей обработки 20260618d2022 m y0rusy028902 ca
101 Язык документа 0_
a Язык текста rus
102 Страна публикации __
a Страна публикации RU
105 Кодированные данные (монография) __
a Кодированные данные (монография) y z 000yy
181 Поле кодированных данных: вид содержания _0
a Код вида содержания (ISBD) i
182 Поле кодированных данных: тип средства _0
a Код типа средства (ISBD) n
200 Заглавие и сведения об ответственности 1_
a Заглавие Напишите мою книгу!
e Сведения, относящиеся к заглавию все тонкости работы с наемным писателем
f Первые сведения об ответственности Любовь Бросалина
g Последующие сведения об ответственности редактор Н. Казакова
203 Вид содержания и тип средства __
c Тип средства непосредственный
a Вид содержания Текст
210 Выходные данные 1_
a Место издания Москва
c Издательство Альпина ПРО
d Дата издания 2022
215 Физическое описание __
a Объем 247 с.
c Иллюстрации/тип воспроизводства табл., ил., портр.
d Формат 22 см
320 Библиография __
a Библиография Библиография в подстрочных примечаниях
330 Аннотация __
a Аннотация Кто такой наемный писатель - неудачник, продающий талант за деньги, или полноправный соавтор? Как пишутся книги на заказ и почему таких книг все больше? Где найти такого писателя и как с ним работать? А главное - в чем преимущества такого сотрудничества? Спрос на услугу стремительно растет, не отстает и предложение. Но до сегодняшнего дня не существовало подробного открытого всестороннего описания процесса, что вредило всем его участникам. В книге описаны все аспекты взаимодействия клиента с наемным писателем.
333 Примечание о целевом назначении __
a Примечание о целевом назначении 12+. Для детей старше 12 лет
540 Дополнительное заглавие, сделанное каталогизатором 10
a Дополнительное заглавие, сделанное каталогизатором Все тонкости работы с наемным писателем
606 Тематические рубрики __
a Основная рубрика Книжное дело
2 Код системы nlr_sh
606 Тематические рубрики __
a Основная рубрика Издательское дело
2 Код системы nlr_sh
610 Ключевые слова 0_
a Ключевые слова наемные писатели
610 Ключевые слова 0_
a Ключевые слова коммерческие писатели
610 Ключевые слова 0_
a Ключевые слова гострайтинг
610 Ключевые слова 0_
a Ключевые слова редакторский процесс
610 Ключевые слова 0_
a Ключевые слова соавторство
610 Ключевые слова 0_
a Ключевые слова авторские права
610 Ключевые слова 0_
a Ключевые слова интеллектуальная собственность
610 Ключевые слова 0_
a Ключевые слова пробные тексты
610 Ключевые слова 0_
a Ключевые слова сопровождающие редакторы
610 Ключевые слова 0_
a Ключевые слова книгоиздание
610 Ключевые слова 0_
a Ключевые слова самиздат
686 Индексы других классификаций __
2 Код системы rubbks
a Классификационный индекс 76.175
700 Автор _1
a Фамилия Бросалина
b Имя Л. М.
g Полное личное имя Любовь Михайловна
4 Код отношения 070
f Даты 1981-
702 Вторичная интеллектуальная ответственность _1
a Фамилия Казакова
b Имя Н.
g Полное личное имя Наталья
4 Код отношения 340
801 Источник записи _0
b Организация ГПНТБ России
a Страна RU
c Дата составления 20260618
g Правила каталогизации PSBO
801 Источник записи _1
b Организация ГПНТБ России
a Страна RU
c Дата составления 20260618
g Правила каталогизации PSBO
852 Данные о местонахождении 5_
i Авторский знак Б 88
j Шифр хранения 76.175
900 Макрообъекты __
a Макрообъекты Напишите мою книгу. Бросалина, Л. М., 2022
901 Тип документа __
a Ответственный КиК/Обаева
t Тип документа m
901 Тип документа __
a Ответственный 7 партия
903 Характеристики (МАРС) __
a Дата передачи 20260618
c Наименование библиотеки (МАРС) Муниципальное бюджетное учреждение культуры "Централизованная библиотечная система" г. Сургут (Центральная городская библиотека им. А. С. Пушкина)
969 Тип издания __
a Тип издания Ф 26
a Тип издания популярное издание
990 Данные о заказе (DOS) __
j Количество экземпляров (DOS) 1
t N записи в КСУ для И/У (DOS) 202607